[Event "8th OHRA Open"]
[Site "Amsterdam NED"]
[Date "1989.08.03"]
[Round "4"]
[White "Finegold, Benjamin"]
[Black "Sosonko, Gennadi"]
[Result "1-0"]
[WhiteElo "2375"]
[BlackElo "2540"]
[EventDate "1989.07.31"]
[PlyCount "123"]

1.d4 Nf6 2.c4 e6 3.Nc3 Bb4 4.Qc2 Nc6 5.Nf3 d6 6.Bg5 h6 7.Bd2 Qe7 8.e3 e5 
9.d5 Bxc3 10.Bxc3 Nb8 11.Be2 O-O 12.h3 c6 13.dxc6 Nxc6 14.O-O Be6 15.Rfd1 
b6 16.b4 Qc7 17.Rac1 Rac8 18.a3 a5 19.c5 bxc5 20.bxc5 dxc5 21.Bb5 Nd7 22.
Bxc6 Qxc6 23.Nxe5 Nxe5 24.Bxe5 Rfe8 25.Rd6 Qb7 26.Bc3 c4 27.Qd2 Rc5 28.h4 
Qe4 29.Rd8 Rxd8 30.Qxd8+ Kh7 31.Qf8 Re5 32.Bxe5 Qxe5 33.Qd8 Qb2 34.Qd1 
Qxa3 35.Qc2+ Qd3 36.Qxd3+ cxd3 37.Rc3 d2 38.Rd3 a4 39.Rxd2 a3 40.Rd3 a2 
41.Ra3 Kg6 42.f3 Kh5 43.g3 g5 44.Ra5 f5 45.hxg5 hxg5 46.Kf2 Bd5 47.Ra7 Bc4
48.e4 fxe4 49.g4+ Kg6 50.fxe4 Kf6 51.Ke3 Ke5 52.Ra5+ Kd6 53.Kd4 Bb3 54.
Ra6+ Kc7 55.Ke5 Kb7 56.Ra3 Kc6 57.Kf6 Kc5 58.e5 Kb4 59.Rxa2 Bxa2 60.e6 Bb3
61.e7 Ba4 62.Kf7 1-0

[Event "8th OHRA Open"]
[Site "Amsterdam NED"]
[Date "1989.08.03"]
[Round "4"]
[White "Hansen, Lars Bo"]
[Black "Blatny, Pavel"]
[Result "1/2-1/2"]
[WhiteElo "2525"]
[BlackElo "2470"]
[EventDate "1989.07.31"]
[PlyCount "109"]

1.d4 Nf6 2.c4 e5 3.dxe5 Ng4 4.Bf4 Nc6 5.Nf3 Bb4+ 6.Nbd2 Qe7 7.e3 Ngxe5 8.
Nxe5 Nxe5 9.Be2 b6 10.O-O Bxd2 11.Qxd2 Bb7 12.Qc3 d6 13.c5 bxc5 14.Bxe5 
Qxe5 15.Qxe5+ dxe5 16.Rfd1 Rd8 17.Rac1 Rxd1+ 18.Bxd1 Ke7 19.Rxc5 Kd6 20.
Ra5 Ra8 21.b4 f6 22.Kf1 c6 23.Bf3 Kc7 24.Ke1 Kb6 25.Kd2 Rd8+ 26.Kc1 Ba6 
27.a4 Bd3 28.Rc5 Rd6 29.h4 g6 30.g3 h6 31.g4 g5 32.h5 a6 33.a5+ Kc7 34.Rc3
Bb5 35.Be4 Be2 36.f3 Bb5 37.Kc2 Ba4+ 38.Kc1 Rd1+ 39.Kb2 Bb5 40.Rc1 Rxc1 
41.Kxc1 c5 42.Kb2 Kd6 43.Kc3 Bf1 44.Bf5 Bg2 45.Be4 f5 46.Bxf5 Bxf3 47.e4 
Kc6 48.Kc4 Be2+ 49.Kc3 Kd6 50.Kb3 Bd3 51.Kc3 Bb5 52.Kb3 cxb4 53.Kxb4 Be2 
54.Bc8 Bf3 55.Bf5 1/2-1/2

[Event "8th OHRA Open"]
[Site "Amsterdam NED"]
[Date "1989.08.03"]
[Round "4"]
[White "Vanheste, Jeroen"]
[Black "Garcia Callejo, Jesus"]
[Result "1/2-1/2"]
[WhiteElo "2410"]
[BlackElo "2300"]
[EventDate "1989.07.31"]
[PlyCount "73"]

1.d4 d5 2.c4 c6 3.Nc3 Nf6 4.e3 Bf5 5.Qb3 Qb6 6.cxd5 Qxb3 7.axb3 Nxd5 8.Kd1
Nd7 9.f3 Nxc3+ 10.bxc3 e5 11.e4 Be6 12.Kc2 Be7 13.Be3 f5 14.Bd3 O-O 15.Ne2
a6 16.Rad1 Rad8 17.exf5 Bxf5 18.Bxf5 Rxf5 19.d5 Nb8 20.dxc6 Nxc6 21.Bb6 
Rxd1 22.Rxd1 Rf7 23.Ng3 Kf8 24.Ne4 Ke8 25.Rd5 h6 26.Bc7 Rf5 27.Kd3 Kf7 28.
Ke3 Ke6 29.c4 Rf8 30.Bd6 Bxd6 31.Rxd6+ Ke7 32.Rd5 Rd8 33.Rxd8 Nxd8 34.Nc5 
a5 35.Ke4 Kd6 36.Nd3 Ne6 37.Nc1 1/2-1/2

[Event "8th OHRA Open"]
[Site "Amsterdam NED"]
[Date "1989.08.03"]
[Round "4"]
[White "Rodriguez Cespedes, Amador"]
[Black "Illescas Cordoba, Miguel"]
[Result "1/2-1/2"]
[WhiteElo "2505"]
[BlackElo "2510"]
[EventDate "1989.07.31"]
[PlyCount "83"]

1.e4 c5 2.Nf3 e6 3.d4 cxd4 4.Nxd4 Nc6 5.Nc3 Qc7 6.f4 a6 7.Be2 Nxd4 8.Qxd4 
b5 9.Be3 Bb7 10.O-O Rc8 11.Rfd1 Bc5 12.Qxc5 Qxc5 13.Bxc5 Rxc5 14.Rd4 Nf6 
15.a4 bxa4 16.Rb4 Bc8 17.Rbxa4 Ke7 18.Bxa6 Bxa6 19.Rxa6 Rxc3 20.bxc3 Nxe4 
21.Ra8 Rxa8 22.Rxa8 Nxc3 23.Kf2 d5 24.Ra7+ Kf6 25.Ke3 Nb5 26.Rd7 Na3 27.
Kd3 Nc4 28.Kd4 h5 29.Kd3 Nb2+ 30.Ke2 Nc4 31.c3 Nb6 32.Rc7 Nc4 33.g3 Nd6 
34.h3 Nc4 35.g4 hxg4 36.hxg4 g5 37.fxg5+ Kg6 38.Kf2 Ne5 39.Kg3 Kxg5 40.Rc8
Ng6 41.c4 dxc4 42.Rxc4 1/2-1/2

[Event "8th OHRA Open"]
[Site "Amsterdam NED"]
[Date "1989.08.03"]
[Round "4"]
[White "Ree, Hans"]
[Black "Visser, Yge"]
[Result "0-1"]
[WhiteElo "2460"]
[BlackElo "2335"]
[EventDate "1989.07.31"]
[PlyCount "92"]

1.d4 Nf6 2.c4 g6 3.Nc3 Bg7 4.e4 d6 5.f3 O-O 6.Be3 e5 7.d5 c6 8.Qd2 cxd5 9.
cxd5 Na6 10.Bb5 Nh5 11.Nge2 f5 12.exf5 gxf5 13.O-O Kh8 14.Kh1 Nc7 15.Bc4 
Bd7 16.a4 Ne8 17.Bg5 Nef6 18.Nb5 a6 19.Nbc3 Qc7 20.Bd3 Rae8 21.Rfc1 Qa5 
22.Bc2 Qb4 23.Be3 Qh4 24.Kg1 Rg8 25.a5 Bf8 26.Ba4 f4 27.Bf2 Qg5 28.Kf1 
Qxg2+ 29.Ke1 Qxf3 30.Bxd7 Nxd7 31.Qc2 Rg2 32.Ne4 Ndf6 33.N2c3 Nxe4 34.Nxe4
Rxh2 35.Ra3 Rh1+ 36.Kd2 Qg2 37.Rxh1 Qxh1 38.Rb3 Qg2 39.Ke1 Qh1+ 40.Ke2 Qg2
41.Rxb7 f3+ 42.Kd3 Qf1+ 43.Kc3 Rc8+ 44.Nc5 Ng7 45.Rxg7 Bxg7 46.Qf5 e4+ 0-1

[Event "8th OHRA Open"]
[Site "Amsterdam NED"]
[Date "1989.08.03"]
[Round "4"]
[White "Mednis, Edmar John"]
[Black "Crisan, Alexandru"]
[Result "1-0"]
[WhiteElo "2430"]
[BlackElo "2315"]
[EventDate "1989.07.31"]
[PlyCount "93"]

1.c4 e5 2.g3 g6 3.d4 Bg7 4.dxe5 Bxe5 5.Nf3 Bg7 6.Bg2 d6 7.O-O Nc6 8.Nc3 
Nf6 9.b3 O-O 10.Bb2 Re8 11.Qd2 a5 12.Ng5 Ne5 13.Rad1 h6 14.Nf3 Ned7 15.Nd4
Nc5 16.a3 c6 17.b4 axb4 18.axb4 Nfe4 19.Nxe4 Nxe4 20.Qd3 Qe7 21.Qb3 h5 22.
Nf3 Bxb2 23.Qxb2 Be6 24.Rc1 c5 25.bxc5 dxc5 26.Ne5 Bf5 27.Nd3 Rad8 28.Nf4 
Rd2 29.Qa1 Nf6 30.Qc3 Rd7 31.e3 Red8 32.f3 Be6 33.e4 Rd4 34.Nd5 Bxd5 35.
cxd5 b6 36.Rb1 Rb8 37.Rfd1 Rxd1+ 38.Rxd1 Rd8 39.Qb2 Nd7 40.f4 f6 41.d6 Qg7
42.Bh3 g5 43.Be6+ Kh7 44.Bxd7 Qxd7 45.Qxf6 gxf4 46.Rd5 Qe8 47.Re5 1-0

[Event "8th OHRA Open"]
[Site "Amsterdam NED"]
[Date "1989.08.03"]
[Round "4"]
[White "Cifuentes Parada, Roberto"]
[Black "Peelen, Piet"]
[Result "1/2-1/2"]
[WhiteElo "2470"]
[BlackElo "2385"]
[EventDate "1989.07.31"]
[PlyCount "162"]

1.c4 Nf6 2.Nc3 g6 3.e4 d6 4.d4 Bg7 5.f3 e5 6.Nge2 O-O 7.Be3 c6 8.Qd2 a6 9.
dxe5 dxe5 10.Qxd8 Rxd8 11.Na4 Nfd7 12.O-O-O Re8 13.c5 Bf6 14.Nec3 Bd8 15.
Nb1 b5 16.cxb6 c5 17.Na3 Bb7 18.Nc4 Bc6 19.b7 Ra7 20.Nxc5 Nxc5 21.Bxc5 
Rxb7 22.Kb1 Nd7 23.Ba3 Bc7 24.Nd6 Bxd6 25.Rxd6 Bb5 26.Bxb5 axb5 27.Rhd1 
Nf8 28.Bb4 Ne6 29.Bc3 f6 30.a3 Kf7 31.Ka2 Ree7 32.Rc6 Nf4 33.Rdd6 Re6 34.
Rxe6 Nxe6 35.Rd6 h5 36.Kb3 h4 37.Kb4 h3 38.gxh3 Ng5 39.Rd3 Nxh3 40.Bd2 Ke6
41.Be3 f5 42.Ka5 f4 43.Bb6 g5 44.Ka6 Rb8 45.Bc7 Rc8 46.Kb7 Re8 47.b3 g4 
48.fxg4 Ng5 49.Rd5 Kf6 50.Bd8+ Kg6 51.h4 Nxe4 52.h5+ Kh6 53.Bh4 f3 54.Rd1 
Rg8 55.Rg1 f2 56.Rf1 Rxg4 57.Bxf2 Kxh5 58.Be1 Nc5+ 59.Kc6 Nxb3 60.Kxb5 e4 
61.Kc4 Nd2+ 62.Bxd2 e3+ 63.Kd3 exd2 64.Kxd2 Ra4 65.Ra1 Kg6 66.Kc3 Kf7 67.
Kb3 Ra8 68.Kb4 Ke7 69.Kb5 Kd7 70.Kb6 Rb8+ 71.Ka7 Rb2 72.a4 Kc7 73.Rc1+ Kd7
74.Rc5 Rb4 75.a5 Rb1 76.Rh5 Kc7 77.Rh7+ Kc8 78.Rh6 Kc7 79.Rb6 Ra1 80.Rb7+ 
Kc8 81.Rb5 Rc1 1/2-1/2

[Event "8th OHRA Open"]
[Site "Amsterdam NED"]
[Date "1989.08.03"]
[Round "4"]
[White "Kuijf, Marinus"]
[Black "Bagirov, Vladimir"]
[Result "0-1"]
[WhiteElo "2530"]
[BlackElo "2475"]
[EventDate "1989.07.31"]
[PlyCount "44"]

1.e4 Nf6 2.e5 Nd5 3.Nf3 d6 4.Bc4 Nb6 5.Bb3 d5 6.d4 Bg4 7.h3 Bxf3 8.Qxf3 e6
9.O-O c5 10.dxc5 Bxc5 11.Qg3 g6 12.Bh6 Nc6 13.Nc3 Nd4 14.Qd3 Nf5 15.Qb5+ 
Nd7 16.Ba4 Qc7 17.Be3 Nxe3 18.fxe3 Rd8 19.Kh1 O-O 20.e4 Qxe5 21.Qe2 d4 22.
Bxd7 dxc3 0-1

[Event "8th OHRA Open"]
[Site "Amsterdam NED"]
[Date "1989.08.05"]
[Round "5"]
[White "Illescas Cordoba, Miguel"]
[Black "Nijboer, Friso"]
[Result "1-0"]
[WhiteElo "2510"]
[BlackElo "2475"]
[EventDate "1989.07.31"]
[PlyCount "93"]

1.Nf3 g6 2.e4 d6 3.d4 Nf6 4.Nc3 Bg7 5.h3 a6 6.a4 b6 7.Bd3 Bb7 8.O-O Nbd7 
9.Qe2 O-O 10.Rd1 e6 11.Bg5 Qb8 12.Qe3 c5 13.Bh6 cxd4 14.Nxd4 Nc5 15.Bxg7 
Kxg7 16.b4 Nxd3 17.cxd3 Qd8 18.Rac1 Nd7 19.Nce2 a5 20.Nc6 Bxc6 21.Rxc6 
axb4 22.Rxd6 Rxa4 23.d4 Qe7 24.e5 Rfa8 25.Rb1 b5 26.Qd2 R8a6 27.Rxa6 Rxa6 
28.Qxb4 Qxb4 29.Rxb4 Ra1+ 30.Kh2 Ra2 31.Nc3 Rxf2 32.Rxb5 Rd2 33.Rb4 g5 34.
Ne4 Rd1 35.Nxg5 Kg6 36.Nf3 f6 37.Rb7 Nf8 38.Kg3 fxe5 39.Nxe5+ Kh6 40.Nf3 
Rd3 41.Kf4 Ra3 42.Ke4 Ra8 43.g4 Rd8 44.Ne5 Ra8 45.h4 Ra1 46.Rf7 Ra8 47.Kf3
1-0

[Event "8th OHRA Open"]
[Site "Amsterdam NED"]
[Date "1989.08.05"]
[Round "5"]
[White "Finegold, Benjamin"]
[Black "Gelfand, Boris"]
[Result "1-0"]
[WhiteElo "2375"]
[BlackElo "2590"]
[EventDate "1989.07.31"]
[PlyCount "49"]

1.d4 Nf6 2.c4 e6 3.Nc3 Bb4 4.Qc2 c5 5.dxc5 Qc7 6.Nf3 Bxc5 7.Bg5 a6 8.e3 
Be7 9.Be2 b6 10.O-O Bb7 11.Rfd1 d6 12.Rd2 Nbd7 13.Rad1 O-O-O 14.b4 h6 15.
Bf4 e5 16.Bg3 g5 17.a4 Rdg8 18.a5 bxa5 19.c5 g4 20.cxd6 Bxd6 21.Rxd6 gxf3 
22.Bxa6 Bxa6 23.Rxa6 axb4 24.Ra8+ Nb8 25.Qf5+ 1-0

[Event "8th OHRA Open"]
[Site "Amsterdam NED"]
[Date "1989.08.05"]
[Round "5"]
[White "Hansen, Lars Bo"]
[Black "Mednis, Edmar John"]
[Result "1/2-1/2"]
[WhiteElo "2525"]
[BlackElo "2430"]
[EventDate "1989.07.31"]
[PlyCount "96"]

1.d4 d5 2.c4 c6 3.Nf3 Nf6 4.Nc3 e6 5.Bg5 h6 6.Bxf6 Qxf6 7.e3 Nd7 8.Qc2 g6 
9.O-O-O Bg7 10.e4 Qf4+ 11.Kb1 dxe4 12.Nxe4 O-O 13.Be2 Nf6 14.Nxf6+ Qxf6 
15.c5 b6 16.cxb6 axb6 17.Qxc6 Qf5+ 18.Bd3 Qa5 19.a3 Ra7 20.Qc2 b5 21.Qb3 
Bb7 22.Qxb5 Qxb5 23.Bxb5 Rb8 24.a4 Be4+ 25.Kc1 Rd8 26.Rd2 h5 27.Kd1 Bh6 
28.Re2 Bxf3 29.gxf3 Rc7 30.Ree1 Rxd4+ 31.Ke2 Rc2+ 32.Kf1 Rxb2 33.Re2 Rxe2 
34.Kxe2 Rd2+ 35.Kf1 Ra2 36.Kg2 Be3 37.Rf1 Bd4 38.h3 Kg7 39.Kg1 Kf6 40.Kg2 
Kg5 41.Be8 f5 42.h4+ Kxh4 43.Bxg6 Kg5 44.Bf7 Rxa4 45.Bxe6 Rb4 46.Rd1 Kf6 
47.Bd7 Be5 48.Rd5 Rd4 1/2-1/2

[Event "8th OHRA Open"]
[Site "Amsterdam NED"]
[Date "1989.08.05"]
[Round "5"]
[White "Blatny, Pavel"]
[Black "Van der Sterren, Paul"]
[Result "1/2-1/2"]
[WhiteElo "2470"]
[BlackElo "2515"]
[EventDate "1989.07.31"]
[PlyCount "66"]

1.d4 Nf6 2.c4 e6 3.Nc3 d5 4.cxd5 exd5 5.Bg5 c6 6.e3 Be7 7.Bd3 Nbd7 8.Nge2 
O-O 9.Ng3 h6 10.h4 Nb6 11.Qc2 Ng4 12.Bxe7 Qxe7 13.O-O-O Qf6 14.Rdf1 Bd7 
15.Rh3 Rac8 16.Nh5 Qd6 17.Rg3 g6 18.Nf4 c5 19.Qd2 cxd4 20.exd4 Nc4 21.Bxc4
Rxc4 22.Kb1 Bf5+ 23.Ka1 Nf6 24.Nfe2 h5 25.Rf3 Ne4 26.Qf4 Qc6 27.Ng3 Bg4 
28.Nxd5 Qxd5 29.Nxe4 Qxd4 30.Nf6+ Kg7 31.Ne8+ Kg8 32.Nf6+ Kg7 33.Ne8+ Kg8 
1/2-1/2

[Event "8th OHRA Open"]
[Site "Amsterdam NED"]
[Date "1989.08.05"]
[Round "5"]
[White "Hulak, Krunoslav"]
[Black "Bagirov, Vladimir"]
[Result "1/2-1/2"]
[WhiteElo "2550"]
[BlackElo "2475"]
[EventDate "1989.07.31"]
[PlyCount "34"]

1.d4 Nf6 2.c4 g6 3.g3 Bg7 4.Bg2 d5 5.cxd5 Nxd5 6.Nf3 O-O 7.O-O c5 8.dxc5 
Na6 9.Ng5 Ndb4 10.Nc3 h6 11.Nf3 Bf5 12.Nh4 Qxd1 13.Nxd1 Be6 14.Bd2 g5 15.
Nf3 Nxa2 16.Be3 Rad8 17.Ne1 Rd7 1/2-1/2

[Event "8th OHRA Open"]
[Site "Amsterdam NED"]
[Date "1989.08.05"]
[Round "5"]
[White "Rodriguez Cespedes, Amador"]
[Black "Psakhis, Lev"]
[Result "1/2-1/2"]
[WhiteElo "2505"]
[BlackElo "2565"]
[EventDate "1989.07.31"]
[PlyCount "34"]

1.e4 c5 2.Nf3 e6 3.d4 cxd4 4.Nxd4 Nf6 5.Nc3 d6 6.g4 Nc6 7.g5 Nd7 8.Be3 Be7
9.f4 O-O 10.Qd2 a6 11.O-O-O Nxd4 12.Bxd4 b5 13.h4 b4 14.Ne2 Qa5 15.Kb1 e5 
16.Be3 Nc5 17.Bg2 Bg4 1/2-1/2

[Event "8th OHRA Open"]
[Site "Amsterdam NED"]
[Date "1989.08.05"]
[Round "5"]
[White "Mohr, Stefan"]
[Black "Vanheste, Jeroen"]
[Result "1/2-1/2"]
[WhiteElo "2485"]
[BlackElo "2410"]
[EventDate "1989.07.31"]
[PlyCount "122"]

1.d4 Nf6 2.c4 g6 3.Nc3 d5 4.Nf3 Bg7 5.Qb3 dxc4 6.Qxc4 O-O 7.Bf4 c6 8.e4 b5
9.Qb3 Be6 10.Qc2 Qa5 11.Bd2 Qb6 12.Be2 Bg4 13.Be3 Qa5 14.O-O Nbd7 15.h3 
Bxf3 16.Bxf3 e5 17.dxe5 Nxe5 18.Be2 b4 19.Nb1 b3 20.Qxb3 Nxe4 21.Qc2 Nd6 
22.Nd2 Rfe8 23.Nb3 Qa4 24.Rfd1 Nf5 25.Bc5 Rad8 26.Rac1 Rd5 27.Bf1 h5 28.
Re1 Rb8 29.Ba3 Nd6 30.Kh1 h4 31.Re3 Qf4 32.Bxd6 Rxd6 33.Re4 Qf6 34.Rce1 
Nd7 35.Ra4 Rb7 36.Ba6 Rc7 37.Re2 Nb6 38.Rg4 Rcd7 39.Nc5 Rd1+ 40.Kh2 Qd6+ 
41.f4 Bh6 42.Rf2 Rd2 43.Rxd2 Qxd2 44.Qe4 Rd8 45.Ne6 Rd7 46.Rxh4 Re7 47.Qd4
Qxd4 48.Nxd4 Re4 49.Nxc6 Ra4 50.Bb5 Bxf4+ 51.Kh1 Re4 52.g3 Re1+ 53.Kg2 Rb1
54.Rxf4 Rxb2+ 55.Rf2 Rxb5 56.Nxa7 Rc5 57.h4 Nd5 58.Rb2 Nc3 59.Kf3 Ra5 60.
Nc6 Rxa2 61.Rxa2 Nxa2 1/2-1/2

[Event "8th OHRA Open"]
[Site "Amsterdam NED"]
[Date "1989.08.05"]
[Round "5"]
[White "Garcia Callejo, Jesus"]
[Black "Cifuentes Parada, Roberto"]
[Result "0-1"]
[WhiteElo "2300"]
[BlackElo "2470"]
[EventDate "1989.07.31"]
[PlyCount "121"]

1.e4 g6 2.d4 Bg7 3.f4 d6 4.Nf3 Nf6 5.Nc3 c5 6.dxc5 Qa5 7.Bd3 Qxc5 8.Qe2 
O-O 9.Be3 Qa5 10.O-O Bg4 11.a3 Nc6 12.Rab1 Nd7 13.b4 Qd8 14.Qd2 Nb6 15.Ne2
d5 16.b5 dxe4 17.Bxe4 Nc4 18.Qxd8 Nxd8 19.Bc1 Rc8 20.h3 Bd7 21.Bd3 Ne6 22.
Rb4 Nd6 23.Ne5 Be8 24.Be3 Nc5 25.Nc6 bxc6 26.Bxc5 cxb5 27.Bxa7 Ra8 28.Bd4 
Rxa3 29.Bxg7 Kxg7 30.Nd4 Rc3 31.Re1 Kf6 32.Ra1 Bd7 33.Ra6 Kg7 34.Ra7 Rd8 
35.Kh2 Kf8 36.Nf3 Be8 37.Nd4 Rc5 38.Nf3 Rdc8 39.Rb1 R5c7 40.Rxc7 Rxc7 41.
Nd4 Rc5 42.Kg3 Rd5 43.Rb4 Bd7 44.Kf3 f6 45.Ke3 e5 46.Ne2 Rc5 47.g4 Ke7 48.
fxe5 fxe5 49.Ng3 Bc6 50.h4 Ke6 51.h5 Kf6 52.hxg6 hxg6 53.Rb1 Kg5 54.Ne4+ 
Bxe4 55.Bxe4 Nxe4 56.Kxe4 Kxg4 57.Rg1+ Kh5 58.Rg2 Kh6 59.Rh2+ Kg5 60.Rf2 
Kh4 61.Rg2 0-1

[Event "8th OHRA Open"]
[Site "Amsterdam NED"]
[Date "1989.08.05"]
[Round "5"]
[White "Visser, Yge"]
[Black "Kuijf, Marinus"]
[Result "1-0"]
[WhiteElo "2335"]
[BlackElo "2530"]
[EventDate "1989.07.31"]
[PlyCount "65"]

1.e4 c5 2.Nf3 Nc6 3.Bb5 e6 4.O-O Nge7 5.Re1 Nd4 6.Bf1 Nec6 7.c3 Nxf3+ 8.
Qxf3 Be7 9.d3 O-O 10.Nd2 d5 11.Qe2 b6 12.g3 Ba6 13.e5 b5 14.a3 Bb7 15.h4 
a5 16.Qg4 a4 17.Nf3 Kh8 18.Bg5 Na5 19.d4 Nb3 20.Rad1 b4 21.Bd3 Bxg5 22.
hxg5 g6 23.Kg2 Rg8 24.Rh1 Rg7 25.Rh6 bxa3 26.bxa3 cxd4 27.cxd4 Ba6 28.Bxa6
Rxa6 29.Rdh1 Kg8 30.Qh4 Kf8 31.Rxh7 Rg8 32.Qf4 Qe7 33.Rh8 1-0

[Event "8th OHRA Open"]
[Site "Amsterdam NED"]
[Date "1989.08.05"]
[Round "5"]
[White "Douven, Rudy"]
[Black "Peelen, Piet"]
[Result "1-0"]
[WhiteElo "2475"]
[BlackElo "2385"]
[EventDate "1989.07.31"]
[PlyCount "61"]

1.d4 Nf6 2.c4 g6 3.Nc3 d5 4.cxd5 Nxd5 5.e4 Nxc3 6.bxc3 Bg7 7.Bc4 O-O 8.Ne2
b6 9.O-O Bb7 10.Qd3 c5 11.Be3 Nc6 12.f3 Rc8 13.Rab1 e6 14.Rfd1 Qe7 15.Ba6 
Rfd8 16.Bxb7 Qxb7 17.Qb5 cxd4 18.cxd4 Rd7 19.Qa4 Ne7 20.Rdc1 Rdc7 21.Rxc7 
Rxc7 22.Bf4 Rc8 23.h3 Bf8 24.Kh1 Bg7 25.Rd1 b5 26.Qb3 Rc4 27.Rb1 Qc6 28.
Qxb5 Bxd4 29.Nxd4 Rxd4 30.Qe5 Rd7 31.Bh6 1-0

[Event "8th OHRA Open"]
[Site "Amsterdam NED"]
[Date "1989.08.05"]
[Round "5"]
[White "Crisan, Alexandru"]
[Black "Ree, Hans"]
[Result "0-1"]
[WhiteElo "2315"]
[BlackElo "2460"]
[EventDate "1989.07.31"]
[PlyCount "80"]

1.d4 g6 2.c4 Bg7 3.Nc3 d6 4.e4 Nf6 5.f3 O-O 6.Be3 c5 7.d5 e6 8.Qd2 exd5 9.
cxd5 Re8 10.Nge2 Nbd7 11.Ng3 h5 12.Bg5 h4 13.Nge2 h3 14.Ng3 a6 15.a4 Qa5 
16.Bd3 hxg2 17.Rg1 Ne5 18.Kf2 Bh3 19.Nge2 Nh5 20.Rgd1 f5 21.Ng1 Nxd3+ 22.
Qxd3 Bd4+ 23.Be3 fxe4 24.Nxe4 Nf4 25.Qd2 Qd8 26.Bxd4 Qh4+ 27.Ng3 cxd4 28.
Qxd4 Rac8 29.Rac1 Bf5 30.Rc3 Rxc3 31.bxc3 b5 32.axb5 axb5 33.Ra1 b4 34.Ra7
Nd3+ 35.Kxg2 Qxd4 36.cxd4 b3 37.Rb7 b2 38.Nxf5 gxf5 39.Rb3 Re1 40.Rb8+ Kg7
0-1

[Event "8th OHRA Open"]
[Site "Amsterdam NED"]
[Date "1989.08.06"]
[Round "6"]
[White "Psakhis, Lev"]
[Black "Finegold, Benjamin"]
[Result "1-0"]
[WhiteElo "2565"]
[BlackElo "2375"]
[EventDate "1989.07.31"]
[PlyCount "161"]

1.d4 d5 2.Nf3 Nf6 3.c4 c6 4.Qb3 e6 5.g3 Be7 6.Bg2 O-O 7.O-O Qb6 8.Nc3 Nbd7
9.Qc2 Qa6 10.cxd5 cxd5 11.a4 Nb6 12.Ne5 Bd7 13.Bg5 Rfd8 14.a5 Nc4 15.e4 
dxe4 16.Nxe4 Rac8 17.Nxd7 Rxd7 18.Bxf6 gxf6 19.Nc5 Bxc5 20.dxc5 Qb5 21.a6 
bxa6 22.c6 Rd6 23.Qc3 Ne5 24.Rfd1 Rdxc6 25.Bxc6 Rxc6 26.Qa3 Kg7 27.Rac1 
Qe2 28.Qe3 Qxb2 29.Rxc6 Nxc6 30.Qe4 Ne5 31.Kg2 a5 32.Rd8 Qb6 33.Qa8 Kh6 
34.Rg8 Ng6 35.Qf3 f5 36.h4 Qd4 37.Kg1 Ne5 38.Qa8 Qd1+ 39.Kg2 Ng6 40.Qf3 
Qxf3+ 41.Kxf3 Ne5+ 42.Ke2 a4 43.Ra8 Nc6 44.Rc8 Nb4 45.Rc3 Nd5 46.Kf3 Nb6 
47.Ra3 Kg6 48.Rc3 h5 49.Rc7 Nd5 50.Rxa7 Nc3 51.Rc7 Ne4 52.Ke3 Nf6 53.Rc4 
e5 54.Rxa4 Ng4+ 55.Ke2 e4 56.Ra6+ f6 57.f3 exf3+ 58.Kxf3 Ne5+ 59.Ke3 Ng4+ 
60.Kf4 Ne5 61.Rd6 Nf7 62.Rd5 Nh6 63.Rb5 Kg7 64.Kf3 Kg6 65.Rb4 Ng4 66.Ra4 
Ne5+ 67.Ke2 Ng4 68.Rf4 Nh6 69.Kd3 Nf7 70.Kd4 Nd6 71.Kd5 Ne4 72.Rf3 Nd2 73.
Rd3 Ne4 74.Ra3 Nd2 75.Ke6 Ne4 76.Ra8 Kg7 77.Kxf5 Nxg3+ 78.Ke6 Ne4 79.Rc8 
Nd2 80.Rc3 Ne4 81.Rc4 1-0

[Event "8th OHRA Open"]
[Site "Amsterdam NED"]
[Date "1989.08.06"]
[Round "6"]
[White "Nijboer, Friso"]
[Black "Blatny, Pavel"]
[Result "1-0"]
[WhiteElo "2475"]
[BlackElo "2470"]
[EventDate "1989.07.31"]
[PlyCount "77"]

1.e4 e5 2.Nf3 Nc6 3.Bb5 f5 4.Nc3 fxe4 5.Nxe4 Nf6 6.Qe2 Qe7 7.c3 d5 8.Ng3 
e4 9.Nd4 Bd7 10.Nxc6 bxc6 11.Ba4 Kf7 12.O-O h5 13.h3 h4 14.Nh1 Rh6 15.f3 
Rg6 16.fxe4 Bxh3 17.Rf2 Qxe4 18.Qxe4 dxe4 19.Bxc6 Bc5 20.d4 exd3 21.Bxa8 
Bxg2 22.Bxg2 h3 23.Kh2 Bxf2 24.Kxh3 Bh4 25.Bf4 Bg5 26.Bxg5 Rxg5 27.Rd1 Nh5
28.Bf3 Nf4+ 29.Kh4 Re5 30.Kg3 g5 31.Nf2 Re3 32.Ne4 Kg6 33.Kf2 Nd5 34.Rd2 
g4 35.Bg2 Kf5 36.Ng3+ Kf4 37.Nh5+ Kg5 38.Bxd5 Re5 39.Rxd3 1-0

[Event "8th OHRA Open"]
[Site "Amsterdam NED"]
[Date "1989.08.06"]
[Round "6"]
[White "Van der Sterren, Paul"]
[Black "Douven, Rudy"]
[Result "1/2-1/2"]
[WhiteElo "2515"]
[BlackElo "2475"]
[EventDate "1989.07.31"]
[PlyCount "98"]

1.d4 Nf6 2.c4 e6 3.g3 Bb4+ 4.Bd2 Qe7 5.Bg2 Nc6 6.Nf3 Bxd2+ 7.Nbxd2 d6 8.
O-O O-O 9.e4 e5 10.d5 Nb8 11.b4 a5 12.a3 Na6 13.Ne1 Bg4 14.f3 Bd7 15.Nd3 
c6 16.dxc6 bxc6 17.Nb3 axb4 18.axb4 d5 19.c5 dxe4 20.fxe4 Be6 21.Qc2 Ng4 
22.Na5 Ne3 23.Qc3 Nxf1 24.Rxf1 Qc7 25.Nxe5 Nxb4 26.Qxb4 Qxe5 27.Nxc6 Qg5 
28.Qc3 Ra4 29.h4 Qg4 30.Ne7+ Kh8 31.c6 Rc4 32.Qe5 Re8 33.Rb1 f6 34.Rb8 Bc8
35.Qf4 Qe6 36.Qc7 Rxe4 37.Bxe4 Qxe4 38.Rxc8 Qe1+ 39.Kg2 Qe2+ 40.Kg1 Qe1+ 
41.Kg2 Qe2+ 42.Kh3 Qf1+ 43.Kg4 h5+ 44.Kxh5 Kh7 45.g4 Rxe7 46.Rh8+ Kxh8 47.
Qxe7 Qd3 48.g5 Kh7 49.Kg4 Qc4+ 1/2-1/2

[Event "8th OHRA Open"]
[Site "Amsterdam NED"]
[Date "1989.08.06"]
[Round "6"]
[White "Vanheste, Jeroen"]
[Black "Ree, Hans"]
[Result "1-0"]
[WhiteElo "2410"]
[BlackElo "2460"]
[EventDate "1989.07.31"]
[PlyCount "65"]

1.d4 d6 2.Nf3 Bg4 3.e4 Nf6 4.Nc3 e6 5.Be2 Be7 6.Ng1 Bxe2 7.Ngxe2 O-O 8.O-O
d5 9.e5 Nfd7 10.f4 c5 11.Be3 Nc6 12.Kh1 Rc8 13.Rf3 a6 14.Rh3 b5 15.f5 exf5
16.Nxd5 cxd4 17.Nxd4 Nxd4 18.Bxd4 Bc5 19.Qh5 h6 20.e6 Bxd4 21.e7 Qe8 22.c3
Rc5 23.Qxf5 Nb6 24.exf8=Q+ Qxf8 25.cxd4 Rxd5 26.Qe4 Qd8 27.Rd1 f5 28.Qe6+ 
Kh8 29.Rf1 Nc4 30.b3 Nd2 31.Rc1 Qd7 32.Rc8+ Kh7 33.Rxh6+ 1-0

[Event "8th OHRA Open"]
[Site "Amsterdam NED"]
[Date "1989.08.06"]
[Round "6"]
[White "Sosonko, Gennadi"]
[Black "Hansen, Lars Bo"]
[Result "1-0"]
[WhiteElo "2540"]
[BlackElo "2525"]
[EventDate "1989.07.31"]
[PlyCount "121"]

1.d4 Nf6 2.c4 e6 3.g3 Bb4+ 4.Bd2 Qe7 5.Nf3 b6 6.Bg2 Bb7 7.O-O Bxd2 8.Qxd2 
O-O 9.Nc3 Ne4 10.Nxe4 Bxe4 11.Qf4 d5 12.Rac1 Na6 13.cxd5 Bxd5 14.a3 c5 15.
dxc5 bxc5 16.e4 Bb7 17.Rc4 Rab8 18.Rfc1 Bc6 19.Ne5 Bb5 20.R4c3 f6 21.Nf3 
e5 22.Qe3 Rfd8 23.b3 Qb7 24.Qe1 Bd7 25.Bf1 Bb5 26.h4 h5 27.Bxb5 Qxb5 28.
Qf1 Qxf1+ 29.Kxf1 Rb6 30.Ke2 Nb8 31.Ke3 Rbd6 32.Ne1 Na6 33.Rd3 Rd4 34.f4 
exf4+ 35.gxf4 Rxd3+ 36.Nxd3 Rb8 37.Rc3 Kf7 38.f5 Ke7 39.Kf4 Kd6 40.Nb2 Kc6
41.Nd3 Kd6 42.Nb2 Ke7 43.Rg3 Kf7 44.Rd3 Ke7 45.Nc4 Nc7 46.e5 Rd8 47.Rxd8 
Kxd8 48.Ke4 Kd7 49.a4 Ke7 50.Ne3 Kd7 51.Ng2 Ne8 52.Nf4 fxe5 53.Kxe5 Nd6 
54.Nxh5 c4 55.bxc4 Nxc4+ 56.Kf4 a5 57.Nxg7 Ke7 58.h5 Kf7 59.Ne6 Nb6 60.h6 
Kg8 61.f6 1-0

[Event "8th OHRA Open"]
[Site "Amsterdam NED"]
[Date "1989.08.06"]
[Round "6"]
[White "Bagirov, Vladimir"]
[Black "Rodriguez Cespedes, Amador"]
[Result "1-0"]
[WhiteElo "2475"]
[BlackElo "2505"]
[EventDate "1989.07.31"]
[PlyCount "111"]

1.d4 Nf6 2.c4 e6 3.Nc3 Bb4 4.Qc2 O-O 5.a3 Bxc3+ 6.Qxc3 b6 7.Bg5 Bb7 8.f3 
h6 9.Bh4 d5 10.e3 Nbd7 11.Nh3 c5 12.cxd5 exd5 13.Bb5 Qc8 14.O-O Ba6 15.
Bxd7 Nxd7 16.Rfd1 Re8 17.Rac1 Qc6 18.dxc5 Qxc5 19.Nf4 Rxe3 20.Qxc5 Nxc5 
21.Nxd5 Rd3 22.Nc7 Rc8 23.Nxa6 Rxd1+ 24.Rxd1 Nxa6 25.h3 Nc5 26.Bg3 Na4 27.
Rd2 a5 28.b3 Rc1+ 29.Kh2 Nc3 30.Bc7 a4 31.bxa4 Nxa4 32.Bd6 Rc6 33.Bb4 Kh7 
34.g4 Kg6 35.h4 h5 36.Rd5 hxg4 37.fxg4 Nc5 38.Kg3 f6 39.h5+ Kf7 40.Kh4 Rc7
41.Rd6 Rb7 42.Rc6 Ne6 43.Kg3 f5 44.gxf5 Nd4 45.Rc4 Nxf5+ 46.Kf4 Ne7 47.Ke5
Rd7 48.Rf4+ Ke8 49.Bd6 g6 50.Rf6 gxh5 51.Ke6 h4 52.Rf8+ Kxf8 53.Kxd7 h3 
54.Bxe7+ Kf7 55.Bd6 b5 56.Bh2 1-0

[Event "8th OHRA Open"]
[Site "Amsterdam NED"]
[Date "1989.08.06"]
[Round "6"]
[White "Mednis, Edmar John"]
[Black "Visser, Yge"]
[Result "1-0"]
[WhiteElo "2430"]
[BlackElo "2335"]
[EventDate "1989.07.31"]
[PlyCount "85"]

1.c4 g6 2.g3 Bg7 3.Bg2 e5 4.Nc3 f5 5.d3 Nf6 6.e3 d6 7.Nge2 O-O 8.O-O g5 9.
f4 h6 10.Rb1 Nc6 11.b4 Qe8 12.Nd5 Qf7 13.b5 Nd8 14.Bb2 Be6 15.Nec3 c6 16.
bxc6 bxc6 17.Nxf6+ Bxf6 18.Qd2 Rc8 19.Ne2 Qc7 20.Kh1 Nf7 21.Rfc1 Rb8 22.d4
Bg7 23.d5 Bd7 24.Bc3 c5 25.h3 Rxb1 26.Rxb1 Rb8 27.Qc2 Rb6 28.Kh2 Qb7 29.
Rxb6 Qxb6 30.e4 Qa6 31.fxe5 Nxe5 32.Bxe5 Bxe5 33.exf5 Qa3 34.f6 Be8 35.Qf5
Qe3 36.Qe6+ Bf7 37.Qc8+ Kh7 38.Qf8 Kg6 39.Qg7+ Kf5 40.Qxf7 Qxe2 41.Qe6+ 
Kg6 42.f7+ Kg7 43.Qe8 1-0

[Event "8th OHRA Open"]
[Site "Amsterdam NED"]
[Date "1989.08.06"]
[Round "6"]
[White "Cifuentes Parada, Roberto"]
[Black "Mohr, Stefan"]
[Result "0-1"]
[WhiteElo "2470"]
[BlackElo "2485"]
[EventDate "1989.07.31"]
[PlyCount "70"]

1.c4 e5 2.Nc3 d6 3.g3 g6 4.d4 Nd7 5.Nf3 Bg7 6.Bg2 Nh6 7.h4 exd4 8.Bg5 Nf6 
9.Nd5 Nhg4 10.h5 O-O 11.hxg6 fxg6 12.Qxd4 Be6 13.Nxf6+ Nxf6 14.Qh4 Qd7 15.
Rc1 c6 16.Nd4 Bg4 17.f3 Be6 18.Bh6 Bxh6 19.Qxh6 Rae8 20.Qg5 d5 21.c5 Qc7 
22.O-O Bc8 23.g4 Qg3 24.Rc3 Nh5 25.e3 Ng7 26.Ne2 Qc7 27.Qh4 b6 28.cxb6 
Qxb6 29.Qf2 Bxg4 30.Nd4 Bd7 31.Rfc1 Nf5 32.Nxf5 Rxf5 33.f4 Rf7 34.a3 Rfe7 
35.b4 a5 0-1